Medal Table Summer Olympics - Golf - Statistics

General Stats
  • This quiz has been taken 18 times
  • The average score is 6 of 10
Answer Stats
Gold Silver Bronze Total Countries % Correct
5 3 5 13 United States
100%
1 1 1 3 Great Britain
88%
0 1 0 1 Japan
82%
1 0 0 1 Canada
76%
0 0 1 1 China
76%
0 1 1 2 New Zealand
59%
1 0 0 1 South Korea
59%
0 1 0 1 Sweden
53%
0 0 1 1 Chinese Taipei
29%
0 1 0 1 Slovakia
18%
No matching quizzes found
Score Distribution
Percent of People with Each Score
Percentile by Number Answered
Your Score History
You have not taken this quiz